Alison Balter's mastering Microsoft Access 2000 development / (Record no. 62127)
[ view plain ]
| 000 -LEADER | |
|---|---|
| fixed length control field | 01265cam a22003134a 4500 |
| 001 - CONTROL NUMBER | |
| control field | 150221 |
| 003 - CONTROL NUMBER IDENTIFIER | |
| control field | NUST-PNEC |
| 005 - DATE AND TIME OF LATEST TRANSACTION | |
| control field | 20170116180739.0 |
| 008 - FIXED-LENGTH DATA ELEMENTS--GENERAL INFORMATION | |
| fixed length control field | 980804s1999 inua 001 0 eng |
| 010 ## - LIBRARY OF CONGRESS CONTROL NUMBER | |
| LC control number | 98087340 |
| 020 ## - INTERNATIONAL STANDARD BOOK NUMBER | |
| International Standard Book Number | 0672314843 |
| 020 ## - INTERNATIONAL STANDARD BOOK NUMBER | |
| International Standard Book Number | 8176353175 |
| 040 ## - CATALOGING SOURCE | |
| Transcribing agency | PNEC |
| 042 ## - AUTHENTICATION CODE | |
| Authentication code | pcc |
| 050 00 - LIBRARY OF CONGRESS CALL NUMBER | |
| Classification number | QA76.9.D3 |
| Item number | B347 1999 |
| 082 00 - DEWEY DECIMAL CLASSIFICATION NUMBER | |
| Classification number | 005.7565 BAL |
| Edition number | 21 |
| 100 1# - MAIN ENTRY--PERSONAL NAME | |
| Personal name | Balter, Alison. |
| 240 10 - UNIFORM TITLE | |
| Uniform title | Mastering Microsoft Access 2000 development |
| 245 10 - TITLE STATEMENT | |
| Title | Alison Balter's mastering Microsoft Access 2000 development / |
| Statement of responsibility, etc. | Alison Balter. |
| 246 3# - VARYING FORM OF TITLE | |
| Title proper/short title | Mastering Microsoft Access 2000 development |
| 260 ## - PUBLICATION, DISTRIBUTION, ETC. | |
| Place of publication, distribution, etc. | Indianapolis, Ind. : |
| Name of publisher, distributor, etc. | Sams, |
| Date of publication, distribution, etc. | c1999. |
| 300 ## - PHYSICAL DESCRIPTION | |
| Extent | xxxv, 1342 p. : |
| Other physical details | ill. ; |
| Dimensions | 24 cm. |
| 500 ## - GENERAL NOTE | |
| General note | Includes index. |
| 650 #0 - SUBJECT ADDED ENTRY--TOPICAL TERM | |
| Topical term or geographic name entry element | Database management. |
| General subdivision | MIS, Computer |
| 856 ## - ELECTRONIC LOCATION AND ACCESS | |
| Uniform Resource Identifier | <a href="http://www.amazon.com/Mastering-Microsoft-Access-2000-Development/dp/0672314843/ref=sr_1_1?ie=UTF8&qid=1418274716&sr=8-1&keywords=mastering+microsoft+access+2000+development">http://www.amazon.com/Mastering-Microsoft-Access-2000-Development/dp/0672314843/ref=sr_1_1?ie=UTF8&qid=1418274716&sr=8-1&keywords=mastering+microsoft+access+2000+development</a> |
| 906 ## - LOCAL DATA ELEMENT F, LDF (RLIN) | |
| a | 7 |
| b | cbc |
| c | orignew |
| d | 2 |
| e | opcn |
| f | 19 |
| g | y-gencatlg |
| 942 ## - ADDED ENTRY ELEMENTS (KOHA) | |
| Source of classification or shelving scheme | |
| Koha item type | Book |
| Withdrawn status | Lost status | Source of classification or shelving scheme | Damaged status | Not for loan | Permanent Location | Current Location | Shelving location | Date acquired | Source of acquisition | Cost, normal purchase price | Total Checkouts | Full call number | Barcode | Date last seen | Cost, replacement price | Price effective from | Koha item type |
|---|---|---|---|---|---|---|---|---|---|---|---|---|---|---|---|---|---|
| Pakistan Navy Engineering College (PNEC) | Pakistan Navy Engineering College (PNEC) | 03/08/2002 | NUST Recurring A/c | 900.00 | 005.7565 BAL | PNECLIB-025651 | 12/11/2014 | 900.00 | 03/08/2002 | Book |
